|
|
|
|
| LEADER |
00000nab a2200000 ar4500 |
| 001 |
vtls009319537 |
| 003 |
SK-MaSNL |
| 005 |
20260303055752.0 |
| 008 |
080808c2008 xo wr|p|||||||000 b|slo |
| 015 |
|
|
|a SNBRB2008/08
|2 snkbucl
|
| 040 |
|
|
|a SNKBUCL
|b slo
|c SNKBUCL
|e AACR2
|
| 041 |
0 |
|
|a slo
|
| 044 |
|
|
|a xo
|c SK
|
| 080 |
|
|
|a 575:613.94
|2 2001
|
| 080 |
|
|
|a 613.94
|2 2001
|
| 100 |
1 |
|
|a Nedoroščík, Peter
|4 aut
|9 267166
|
| 245 |
1 |
0 |
|a Eugenika - veda, ktorá ešte nepovedala posledné slovo
|n IV.
|c Peter Nedoroščík
|
| 300 |
|
|
|b Fotogr.
|
| 500 |
|
|
|a (Pokračovanie nabudúce)
|
| 650 |
0 |
7 |
|a eugenika
|2 snkbucl
|9 17815
|
| 655 |
|
7 |
|a analýzy
|2 snkbucl
|9 22242
|
| 773 |
0 |
|
|t Slovo : spoločensko-politický týždenník
|g Roč. X, č. 27 (2008), s. 5
|x 1335-468X
|
| 852 |
|
|
|a SNK
|b KIS3GCP
|
| 999 |
|
|
|c 1728792
|d 1730722
|